Normal view
MARC view
- الحروب الصليبية- العصور الةسطى- البلاد العربيو- الوحدة العربية
Entry Topical Term
001 - CONTROL NUMBER
- control field: 8995
003 - CONTROL NUMBER IDENTIFIER
- control field: JO-AjAnu
005 - DATE AND TIME OF LATEST TRANSACTION
- control field: 20230606071741.0
008 - FIXED-LENGTH DATA ELEMENTS
- fixed length control field: 230606|| aca||aabn | a|a d
040 ## - CATALOGING SOURCE
- Original cataloging agency: JO-AjAnu
- Transcribing agency: JO-AjAnu
150 ## - HEADING--TOPICAL TERM
- Topical term or geographic name entry element: الحروب الصليبية- العصور الةسطى- البلاد العربيو- الوحدة العربية
670 ## - SOURCE DATA FOUND
- Source citation: Work cat.: (JO-AjAnu)4641: يوسف، جوزيف نسيم, author 8994, الوحدة وحركات اليقظة العربية ابان العدوان الصليبي